01142cam a22003375c 450000100060000000300100000600500170001600700030003300800410003602000180007704000350009504100080013008400060013810000250014424500590016925000230022826400440025130000440029533600270033933700330036633800280039949000830042750000380051052100450054865000360059365000350062965000390066465000410070365000390074470000210078358997CO-BoRNBP20250901221030.0ta141028s2014 ck a gr 000 0 spa  a9789588787459 aCO-BoRNBPbspaerdacCO-BoRNBP aspa aC aOfogo, Bonifaceeaut13aEl león Kandinga /cBoniface Ofogo, Elisa Arguilé. aedición especial 1aBogotá, Colombia :bKalandraka,c2014 a[32] páginas :bilustraciones a color atextobtxt2rdacontent asin mediaciónbn2rdamedia avolumenbnc2rdacarrier0 aPlan Nacional de Lectura y Escritura Leer es mi Cuento / Ministerio de Cultura aCoedición: Ediciones Monserrate1 aRecomendado para niños de 6 a 8 años07aAnimales en la literatura2LEMB07aCalidad en la literatura2lemb04aCuentos infantiles africanos2LEMB04aFábulas infantiles africanas2LEMB04aLiteratura infantil africana2LEMB aArguilé, Elisa